|
|
|
|
| LEADER |
00000nam0a2200000 4500 |
| 001 |
124386 |
| 005 |
20231031130915.0 |
| 035 |
|
|
|a (RuTPU)RU\TPU\book\134618
|
| 090 |
|
|
|a 124386
|
| 100 |
|
|
|a 20071031d1965 km y0rusy50 ca
|
| 101 |
0 |
|
|a rus
|
| 102 |
|
|
|a RU
|
| 105 |
|
|
|a a z 001zy
|
| 200 |
1 |
|
|a Подземные воды и мерзлые породы Южно-Якутского угленосного бассейна
|f С. М. Фотиев
|g Производственный и научно-исследовательский институт по инженерным изысканиям в строительстве (ПНИИИС)
|
| 210 |
|
|
|a Москва
|c Наука
|d 1965
|
| 215 |
|
|
|a 230 с.
|c ил.
|
| 320 |
|
|
|a Библиогр.: с. 226-229.
|
| 610 |
1 |
|
|a геология
|
| 610 |
1 |
|
|a гидрогеологические исследования
|
| 610 |
1 |
|
|a гидрогеология
|
| 610 |
1 |
|
|a подземные воды
|
| 610 |
1 |
|
|a мерзлые грунты
|
| 610 |
1 |
|
|a мерзлые породы
|
| 610 |
1 |
|
|a Южно-Якутский бассейн
|
| 610 |
1 |
|
|a вечная мерзлота
|
| 610 |
1 |
|
|a угольные бассейны
|
| 675 |
|
|
|a 551.49
|v 3
|
| 675 |
|
|
|a 551.345
|v 3
|
| 700 |
|
1 |
|a Фотиев
|b С. М.
|g Сергей Михайлович
|
| 712 |
0 |
2 |
|a Производственный и научно-исследовательский институт по инженерным изысканиям в строительстве (ПНИИИС)
|2 stltpush
|3 (RuTPU)RU\TPU\col\7464
|
| 801 |
|
1 |
|a RU
|b 63413507
|c 20071031
|g PSBO
|
| 801 |
|
1 |
|a RU
|b 63413507
|c 20071031
|g PSBO
|
| 801 |
|
2 |
|a RU
|b 63413507
|c 20080504
|g PSBO
|
| 942 |
|
|
|c BK
|